000 00687nam a2200217 i 4500
001 16543
003 ES-MaACL
005 20250812051524.0
007 t|
008 001016s1999 sp ||||1| spa d
020 _a84-8432-015-4
080 _a7.036
100 1 _aHobsbawm, E. J. (
_d1917-2012)
_963862
245 1 0 _aA la zaga
_b: decadencia y fracaso de las vanguardias del siglo XX /
_cEric Hobsbawm ; traducción castellana de Gonzalo Pontón.
260 _aBarcelona :
_bCrítica,
_c[1999]
300 _a55 p. :
_bil. ;
_c22 cm.
650 7 _aArte-
_yS.XX
_2
_9141916
700 1 _aPontón, Gonzalo.
_993064
852 _aES-MaACL
_jL-23837
_bR.128650
999 _c16543
_d16543